000 00552nam a22001575i 4500
001 165593
003 ES-MaACL
005 20230906213153.0
008 030320s1885 sp |||| | spa d
040 _aCAM
_bspa
_cCAM
100 1 _aSoto y Corro, Carolina de.
_9132842
245 1 3 _aEl santo de la aldea
_b: poema /
_cCarolina de Soto y Corro.
260 _aJerez :
_b[s.n.],
_c1885 (
_fImprenta de El Guadalete)
300 _a29 p. ;
_c19 cm.
852 _aES-MaACL
_jT-599-F-4
_z-- Enc. hol. conservando la cub. original
_z-- Enc. en un vol. facticio
999 _c165593
_d165593